000 00559nam a2200217Ia 4500
003 OSt
005 20220928141507.0
006 a|||||r|||| 00| 0
007 ta
008 220927b |||||||| |||| 00| 0 eng d
024 _a15548
037 _cTextual
040 _aSDCL
_cSDCL
_beng
041 _2eng
_aeng
082 _aO-,3M70x, J8
100 _aCrane Stephen
_9492225
245 0 _aRed badge of courage and selected prose and poetry
260 _c1958
942 _hO-,3M70x, J8
_cTEXL
_2CC
999 _c817945
_d817945